[Event "AUTO-ADV-2814"]
[Site "http://www.queenalice.com/game.php?id=1169822"]
[Date "2013.4.9"]
[Round "1"]
[White "jalhallib"]
[Black "adrielfilho"]
[Result "0-1"]
[WhiteElo "1877"]
[BlackElo "1753"]

1. e4 e5 2. Nf3 Nc6 3. d4 d6 4. d5 Nce7 5. h3 Nf6 6. Nc3 c6 7. dxc6 Nxc6 8. Bb5
a6 9. Bxc6+ bxc6 10. O-O Be7 11. Bg5 h6 12. Bxf6 Bxf6 13. Nh2 O-O 14. Ng4 a5 15.
Nxf6+ Qxf6 16. Na4 Rb8 17. b3 Ba6 18. Re1 Qh4 19. Qxd6 Qg5 20. c4 Bb7 21. Qc7
Rfc8 22. Qxa5 Ra8 23. Qc3 Rd8 24. Rad1 Qf6 25. Rxd8+ Qxd8 26. Nc5 Rxa2 27. Nxb7
Qb6 28. c5 Qxb7 29. Qxe5 Qxb3 30. Qe8+ Kh7 31. Qxc6 Qc2 32. Rf1 Ra5 33. Qd5 Rxc5
34. Qxf7 Qxe4 35. Qf3 Qxf3 36. gxf3 Rf5 37. Kg2 Rg5+ 38. Kh2 Rf5 39. Kg3 Rg5+
40. Kf4 Rg2 41. h4 Kg6 42. Ke3 Kh5 43. Rh1 Rg6 44. f4 Rg4 45. f3 Rxh4 46. Rxh4+
Kxh4 47. Kf2 Kh3 48. f5 h5 49. Ke3 Kg3 50. f4 h4 51. Ke4 h3 52. Ke5 h2 53. f6
gxf6+ 54. Kxf6 Kxf4 55. Ke6 h1=Q 56. Kd6 Qe4 57. Kc5 Qg6 58. Kd5 Qf5+ 59. Kd4
Qb5 60. Kc3 Ke3 61. Kc2 Qb4 62. Kc1 Kd3 0-1

[Event "AUTO-ADV-2814"]
[Site "http://www.queenalice.com/game.php?id=1169823"]
[Date "2013.4.9"]
[Round "1"]
[White "adrielfilho"]
[Black "jalhallib"]
[Result "1-0"]
[WhiteElo "1665"]
[BlackElo "1930"]

1. e4 c5 2. Nf3 Nc6 3. Nc3 e5 4. Bc4 h6 5. b3 Nf6 6. O-O d6 7. a3 Be7 8. Nd5
Nxd5 9. Bxd5 O-O 10. a4 Be6 11. Bxc6 bxc6 12. Qe2 Bg4 13. d3 Bxf3 14. Qxf3 Bg5
15. Bb2 Bf6 16. a5 d5 17. exd5 cxd5 18. a6 d4 19. Ba3 Be7 20. Rfe1 f6 21. Qb7
Bd6 22. Qd5+ Kh8 23. Qc6 Rc8 24. Qb7 Rc7 25. Qd5 Be7 26. Qc4 Qd6 27. c3 dxc3 28.
Qxc3 Qd4 29. Qa5 Rfc8 30. Red1 Kh7 31. Ra2 Rc6 32. Rc2 Bd8 33. Qd2 Bb6 34. Rc4
Qd5 35. Bb2 Bd8 36. Qc2 Rxa6 37. d4+ Kh8 38. dxe5 Qe6 39. Rxc5 Rxc5 40. Rxd8+
Qg8 41. Rxg8+ Kxg8 42. Qxc5 Rb6 43. Qd5+ Kh8 44. e6 Kh7 45. e7 Rb8 46. Qe4+ Kg8
47. Bxf6 Kf7 48. Bxg7 Rc8 49. Bxh6 Re8 50. Bg5 a5 51. Qf5+ Kg7 52. Qf6+ Kg8 53.
Qg6+ 1-0

[Event "AUTO-ADV-2814"]
[Site "http://www.queenalice.com/game.php?id=1169848"]
[Date "2013.4.9"]
[Round "1"]
[White "adrian_iuga"]
[Black "adrielfilho"]
[Result "1-0"]
[WhiteElo "2063"]
[BlackElo "1806"]

1. e4 e5 2. Nf3 Nc6 3. d4 exd4 4. Nxd4 Ne5 5. Bf4 d6 6. c4 Nf6 7. Nc3 Be7 8. b3
Ng6 9. Bg3 Ng4 10. Be2 N6e5 11. h3 Nf6 12. O-O O-O 13. f4 Ng6 14. f5 Ne5 15. Qe1
c5 16. Nf3 Nc6 17. Rd1 Nb4 18. a3 Nc2 19. Qd2 Nxa3 20. Ra1 Qa5 21. Qb2 Nh5 22.
Bh2 Bf6 23. e5 dxe5 24. Nxe5 Qc7 25. Nd5 Qd6 26. Bxh5 g6 27. fxg6 hxg6 28. Rxf6
Qd8 29. Bxg6 fxg6 30. Rxg6+ Kh7 31. Rxa3 Bf5 32. Rg3 Qe8 33. Qe2 Kh6 34. Qe3+
Kh7 35. Qf4 Qh5 36. Ra1 Bb1 37. Nf6+ Rxf6 38. Qxf6 Qd1+ 39. Qf1 Qxf1+ 40. Kxf1
Bf5 41. Rg5 Bc2 42. Nd7 Bxb3 43. Nxc5 Bxc4+ 44. Kg1 b5 45. Bf4 a5 46. Re1 Ra7
47. Re4 Rg7 48. Rxg7+ Kxg7 49. Bd2 a4 50. Bb4 Bb3 51. Nxb3 axb3 52. Bc3+ Kf7 53.
Rb4 Ke6 54. Rxb5 Kf7 55. Rxb3 Kg6 56. Rb5 Kh6 57. g4 Kh7 58. h4 Kg8 59. Rb7 Kf8
60. Bd4 Ke8 61. h5 Kd8 62. h6 Kc8 63. Ra7 Kb8 64. h7 Kc8 65. h8=Q# 1-0

[Event "AUTO-ADV-2814"]
[Site "http://www.queenalice.com/game.php?id=1169849"]
[Date "2013.4.9"]
[Round "1"]
[White "adrielfilho"]
[Black "adrian_iuga"]
[Result "1/2-1/2"]
[WhiteElo "1797"]
[BlackElo "2099"]

1. e4 c5 2. Bc4 Nc6 3. Nf3 e6 4. d3 d5 5. exd5 exd5 6. Bb3 Nf6 7. Nc3 d4 8. Ne2
Be7 9. O-O O-O 10. Ng5 Na5 11. Ba4 a6 12. Bd2 b5 13. Bb3 Nxb3 14. axb3 Bb7 15.
Ba5 Qd6 16. c3 Nd5 17. Ne4 Qg6 18. c4 bxc4 19. bxc4 Nf6 20. Nf4 Qf5 21. g3 Nxe4
22. Nd5 Bxd5 23. cxd5 Nd6 24. b3 Qxd5 25. Rb1 Rab8 26. Bc7 Rb7 27. Ba5 f6 28.
Qe2 Rxb3 29. Rxb3 Qxb3 30. Qxe7 Qb5 31. Qxd6 Qxa5 32. Qd5+ Rf7 33. Qa8+ Rf8 34.
Qd5+ Kh8 35. Rc1 Rc8 36. Qxd4 h6 37. Qc4 Qb6 38. d4 a5 39. Re1 Qb4 40. Rc1 Qxc4
41. Rxc4 Kg8 42. dxc5 Kf7 43. Rc3 Ke7 44. h4 Kd7 45. g4 Kc6 46. g5 fxg5 47. hxg5
hxg5 48. Rg3 Kb5 49. c6 Rxc6 50. Rxg5+ Rc5 51. Rxg7 a4 52. Rb7+ Ka5 53. Rb2 a3
54. Re2 Rc4 55. f3 Ka4 56. Kh2 Kb3 57. Re5 Kb2 58. Rb5+ Ka1 59. Kg3 a2 60. Kf2
Rc2+ 61. Kg3 Rb2 62. Re5 Kb1 63. Re1+ Kc2 64. Ra1 Kb3 65. f4 Rb1 66. Rxa2 Kxa2
67. Kf3 Rb5 68. Ke4 Kb3 69. f5 Kc4 70. f6 Rh5 71. f7 Rh8 72. Kf5 Kd5 73. Kf6 Kd6
74. Kg7 Ra8 1/2-1/2

[Event "AUTO-INT-2625"]
[Site "http://www.queenalice.com/game.php?id=1177976"]
[Date "2013.5.3"]
[Round "1"]
[White "fisionboy"]
[Black "adrielfilho"]
[Result "1-0"]
[WhiteElo "1687"]
[BlackElo "1809"]

1. d4 d5 2. c4 c6 3. Nc3 dxc4 4. a4 b6 5. e4 Ba6 6. Nf3 f6 7. Bf4 e6 8. Be2 Bb4
9. O-O Bxc3 10. bxc3 b5 11. axb5 cxb5 12. Re1 Bb7 13. d5 e5 14. Be3 a5 15. Qb1
Ba6 16. Nh4 Ne7 17. Bg4 g6 18. Be6 g5 19. Nf3 Ng6 20. Rd1 Nf8 21. Bf5 Nfd7 22.
Qb2 O-O 23. h4 h6 24. Kh2 Re8 25. Rh1 Nf8 26. Kg1 Nbd7 27. Qa3 Bc8 28. hxg5 hxg5
29. Nh2 Bb7 30. Ng4 Qb8 31. Qb2 Bc8 32. f3 Rd8 33. Rh6 Kf7 34. g3 Kg7 35. Qh2
Qb7 36. Rh8 Kf7 37. d6 Qd5 38. exd5 1-0

[Event "AUTO-INT-2625"]
[Site "http://www.queenalice.com/game.php?id=1177977"]
[Date "2013.5.3"]
[Round "1"]
[White "adrielfilho"]
[Black "fisionboy"]
[Result "1-0"]
[WhiteElo "1788"]
[BlackElo "1708"]

1. e4 c5 2. Nf3 d6 3. Bb5+ Bd7 4. Bxd7+ Nxd7 5. O-O Ngf6 6. d3 g6 7. Nc3 Bg7 8.
Be3 O-O 9. a3 Qc7 10. b3 Ng4 11. Bg5 Bxc3 12. Rb1 Rfe8 13. Bd2 Bg7 14. c3 Nde5
15. d4 cxd4 16. cxd4 Nc6 17. h3 Nf6 18. d5 Na5 19. Rc1 Qb6 20. b4 Nc6 21. dxc6
bxc6 22. Qc2 Rac8 23. e5 dxe5 24. Nxe5 Qa6 25. Nxc6 Kh8 26. a4 Rc7 27. Bf4 Rcc8
28. Rfd1 e6 29. Be3 Nd5 30. Bxa7 Qb7 31. b5 Nb4 32. Qc5 Bf8 33. Qd4+ Kg8 34.
Nxb4 Rxc1 35. Rxc1 Bxb4 36. Qxb4 Qxa7 37. b6 Qa6 38. b7 Rb8 39. Rc7 Kg7 40. Qf4
1-0

[Event "AUTO-INT-2625"]
[Site "http://www.queenalice.com/game.php?id=1177992"]
[Date "2013.5.3"]
[Round "1"]
[White "Kuroi"]
[Black "adrielfilho"]
[Result "0-1"]
[WhiteElo "1245"]
[BlackElo "1809"]

1. e4 e5 2. Nf3 Nc6 3. Nc3 Nf6 4. g3 Bd6 5. Bg2 b6 6. O-O O-O 7. d3 a5 8. a4 Bc5
9. h3 Bb7 10. Bg5 h6 11. Be3 Bxe3 12. fxe3 d6 13. b3 Ne7 14. Ne2 c6 0-1

[Event "AUTO-INT-2625"]
[Site "http://www.queenalice.com/game.php?id=1177993"]
[Date "2013.5.3"]
[Round "1"]
[White "adrielfilho"]
[Black "Kuroi"]
[Result "1-0"]
[WhiteElo "1807"]
[BlackElo "1247"]

1. e4 e5 2. Nc3 Nc6 3. Nf3 Nf6 4. d3 g6 5. Be3 Bg7 6. a3 O-O 7. Be2 d6 8. O-O a6
9. Qd2 b5 10. Rfe1 Nb8 11. Bh6 c5 12. Bxg7 Kxg7 13. Red1 1-0

[Event "AUTO-INT-2625"]
[Site "http://www.queenalice.com/game.php?id=1178002"]
[Date "2013.5.3"]
[Round "1"]
[White "altair"]
[Black "adrielfilho"]
[Result "0-1"]
[WhiteElo "1648"]
[BlackElo "1796"]

1. e4 e5 2. Nf3 Nf6 3. d3 Nc6 4. a3 Bc5 5. c3 Be7 6. g3 d6 7. Bg2 O-O 8. b4 Be6
9. b5 Na5 10. c4 c6 11. O-O cxb5 12. cxb5 Nb3 13. Bb2 Nxa1 14. Bxa1 Qa5 15. a4
Rfc8 16. d4 Rc4 17. dxe5 dxe5 18. Nc3 Rd8 19. Qc2 a6 20. Nxe5 Rc7 21. Rd1 Rxd1+
22. Nxd1 Qe1+ 23. Bf1 Rxc2 24. Bd4 Bh3 25. Ne3 Qxf2+ 0-1

[Event "AUTO-INT-2625"]
[Site "http://www.queenalice.com/game.php?id=1178003"]
[Date "2013.5.3"]
[Round "1"]
[White "adrielfilho"]
[Black "altair"]
[Result "1-0"]
[WhiteElo "1800"]
[BlackElo "1613"]

1. e4 e5 2. f4 f6 3. fxe5 fxe5 4. Qh5+ g6 5. Qxe5+ Qe7 6. Qxh8 Nf6 7. d3 d6 8.
Bg5 Nbd7 9. Nc3 b6 10. Nd5 Qf7 11. Nxc7+ Kd8 12. Nxa8 Bb7 13. Nxb6 axb6 14. Nf3
Kc7 15. Bxf6 Nxf6 16. Ng5 Qe7 17. Qxf8 Qxf8 18. Ne6+ Kd7 19. Nxf8+ Ke7 20. Nxh7
Nxh7 21. Be2 Nf8 22. O-O Ne6 23. Bg4 d5 24. exd5 Bxd5 25. Rae1 Kd6 26. Bxe6 Bxe6
27. Rf6 Kd5 28. Rfxe6 1-0

[Event "AUTO-ADV-2839"]
[Site "http://www.queenalice.com/game.php?id=1178191"]
[Date "2013.5.3"]
[Round "1"]
[White "adrielfilho"]
[Black "ACamargo"]
[Result "1-0"]
[WhiteElo "1774"]
[BlackElo "1932"]

1. e4 e5 2. Nf3 d6 3. d4 Be7 4. dxe5 dxe5 5. Qxd8+ Bxd8 6. Nxe5 Bf6 7. Bf4 Ne7
8. Nd3 Na6 9. e5 Bxe5 10. Bxe5 O-O 11. Nc3 Ng6 12. O-O-O Be6 13. Bg3 Rad8 14.
Ne1 Nb4 15. Rxd8 Rxd8 16. a3 Nd5 17. Nxd5 Bxd5 18. Bxc7 Rc8 19. Ba5 Ne5 20. Bc3
Ng4 21. Nd3 Be4 22. f3 Bxd3 23. fxg4 Be4 24. Bb5 Bxg2 25. Rd1 Bf3 26. Rd4 h6 27.
h4 a6 28. Bc4 b5 29. Bxf7+ Kxf7 30. Rf4+ Kg6 31. Rxf3 Rc7 32. Rd3 Kh7 33. Rd6
Ra7 34. Bd4 Ra8 35. Rd7 1-0

[Event "AUTO-ADV-2839"]
[Site "http://www.queenalice.com/game.php?id=1178192"]
[Date "2013.5.3"]
[Round "1"]
[White "ACamargo"]
[Black "adrielfilho"]
[Result "0-1"]
[WhiteElo "1959"]
[BlackElo "1728"]

1. d4 d5 2. c4 dxc4 3. Nc3 c5 4. dxc5 Qxd1+ 5. Nxd1 e5 6. e4 Bxc5 7. Bxc4 Bb4+
8. Nc3 Bxc3+ 9. bxc3 Nf6 10. Ba3 Nxe4 11. Ne2 Nd7 12. Rd1 f6 13. Bb5 a6 14. Bd3
Nec5 15. Bc4 b5 16. Bd5 Bb7 17. O-O Bxd5 18. Rxd5 Nb7 19. Rfd1 O-O-O 20. Ng3 Nb6
21. Rxd8+ Nxd8 22. Ne4 Nb7 23. h4 Nc4 24. Bc1 Rd8 25. Re1 Kc7 26. Be3 a5 27. Nc5
Nxc5 28. Bxc5 Kc6 29. Be3 Rd3 30. Re2 Rxc3 0-1

[Event "AUTO-ADV-2839"]
[Site "http://www.queenalice.com/game.php?id=1178193"]
[Date "2013.5.3"]
[Round "1"]
[White "adrielfilho"]
[Black "Paked"]
[Result "1-0"]
[WhiteElo "1692"]
[BlackElo "1880"]

1. e4 e5 2. Nf3 Nc6 3. Nc3 Bc5 4. Nxe5 Nxe5 5. d4 Bb4 6. dxe5 Bxc3+ 7. bxc3 Qh4
8. Bd3 d6 9. exd6 cxd6 10. Bb5+ Bd7 11. Bxd7+ Kxd7 12. Qd5 Nf6 13. Qxf7+ Kc8 14.
Be3 Qxe4 15. Rc1 Qd5 16. Qxg7 1-0

[Event "AUTO-ADV-2839"]
[Site "http://www.queenalice.com/game.php?id=1178194"]
[Date "2013.5.3"]
[Round "1"]
[White "Paked"]
[Black "adrielfilho"]
[Result "0-1"]
[WhiteElo "1906"]
[BlackElo "1638"]

1. e4 e5 2. Nf3 Nc6 3. Bc4 Bc5 4. O-O Nf6 5. Nc3 O-O 6. Nxe5 Nxe5 7. d4 Nxc4 8.
dxc5 Qe7 9. Qd4 Ne5 10. Bg5 Qe6 11. Bxf6 Qxf6 12. Nd5 Nf3+ 0-1

[Event "AUTO-ADV-2839"]
[Site "http://www.queenalice.com/game.php?id=1178195"]
[Date "2013.5.3"]
[Round "1"]
[White "adrielfilho"]
[Black "MrGreen"]
[Result "0-1"]
[WhiteElo "1801"]
[BlackElo "2113"]

1. e4 e5 2. Nf3 Nc6 3. Nc3 Nf6 4. Bc4 Nxe4 5. Nxe4 d5 6. Nc3 dxc4 7. O-O Bg4 8.
Re1 Be7 9. h3 Bh5 10. g4 Bg6 11. Nxe5 Nxe5 12. Rxe5 O-O 13. a3 Bd6 14. Re3 Qh4
15. Qf3 Bxc2 16. Qxb7 f5 17. Qg2 Rad8 18. Qd5+ Rf7 19. Qg2 fxg4 20. hxg4 Rdf8
21. Rh3 Qxf2+ 22. Kh1 Qf1+ 23. Qxf1 Rxf1+ 24. Kg2 R8f2# 0-1

[Event "AUTO-ADV-2839"]
[Site "http://www.queenalice.com/game.php?id=1178196"]
[Date "2013.5.3"]
[Round "1"]
[White "MrGreen"]
[Black "adrielfilho"]
[Result "1-0"]
[WhiteElo "2289"]
[BlackElo "1809"]

1. Nf3 d5 2. g3 Nc6 3. d4 Nf6 4. Bg2 b5 5. Ne5 Nxe5 6. dxe5 Ng4 7. Bxd5 Bd7 8.
e6 Bxe6 9. Bxa8 Qxa8 10. f3 Bd7 11. Nc3 e6 12. a4 b4 13. Nb5 Bxb5 14. axb5 Bc5
15. Rf1 Nxh2 16. Rf2 Bxf2+ 17. Kxf2 Qb7 18. Qd3 h5 19. Be3 h4 20. gxh4 Rh5 21.
Bg5 Qd5 22. Rxa7 Qc5+ 23. e3 Qd5 24. Qxd5 exd5 25. Rxc7 d4 26. b6 Rxg5 27. hxg5
dxe3+ 28. Kxe3 Kd8 29. Rxf7 Kc8 30. Rxg7 Kb8 31. g6 Nf1+ 32. Kd4 Ng3 33. Ra7
Nf5+ 34. Ke4 Nd6+ 35. Kf4 Nc8 36. g7 Nxa7 37. bxa7+ Kxa7 38. Ke5 b3 39. cxb3 Kb6
40. Kd6 Ka5 41. Kc6 Ka6 42. g8=Q Ka7 43. f4 Ka6 44. Qa8# 1-0

[Event "AUTO-INT-2625"]
[Site "http://www.queenalice.com/game.php?id=1202874"]
[Date "2013.7.27"]
[Round "2"]
[White "mike52"]
[Black "adrielfilho"]
[Result "1-0"]
[WhiteElo "1548"]
[BlackElo "1843"]

1. e4 e5 2. d3 d6 3. Bd2 Nc6 4. Be2 Nf6 5. Bg5 h6 6. Bxf6 Qxf6 7. Nf3 Be6 8. Nc3
Be7 9. Nb5 Bd8 10. h3 O-O 11. O-O d5 12. exd5 Bxd5 13. c4 Be6 14. g4 e4 15. dxe4
Qxb2 16. Nd2 Bg5 17. Nxc7 Rad8 18. Nxe6 Rxd2 19. Qe1 Rxe2 20. Qb1 fxe6 21. Qxb2
Rxb2 22. c5 Bh4 23. f3 Rd8 24. a3 Rdd2 25. Rac1 Rh2 26. Rfd1 1-0

[Event "AUTO-INT-2625"]
[Site "http://www.queenalice.com/game.php?id=1202875"]
[Date "2013.7.27"]
[Round "2"]
[White "adrielfilho"]
[Black "Warner"]
[Result "1-0"]
[WhiteElo "1815"]
[BlackElo "1808"]

1. e4 e6 2. d4 c5 3. Nf3 d5 4. exd5 exd5 5. Bf4 Nf6 6. Bb5+ Bd7 7. Qe2+ Qe7 8.
Bxb8 Bxb5 9. Qxe7+ Bxe7 10. Be5 cxd4 11. Nxd4 Ba6 12. Nf5 g6 13. Nxe7 Kxe7 14.
Nd2 Rhe8 15. O-O-O Nd7 16. Bd4 Kf8 17. Nb3 b6 18. Nd2 Rac8 19. b3 Bd3 20. c3 g5
21. Nf3 Be4 22. Nxg5 Ne5 23. Nxe4 dxe4 24. Rhe1 Ng4 25. h3 Nh6 26. Kc2 Nf5 27.
a3 Nxd4+ 28. Rxd4 f5 29. g4 Re5 30. f4 Rec5 31. Re3 a5 32. gxf5 Rxf5 33. h4 Rxf4
34. Rdxe4 Rxe4 35. Rxe4 Rb8 36. Rg4 Rb7 37. h5 Rc7 38. Re4 Rb7 39. a4 Kg7 40.
Rg4+ Kh6 41. Rd4 Kxh5 42. b4 axb4 43. Re4 bxc3 44. Rb4 Ra7 45. Kxc3 Ra6 46. Kc4
1-0

[Event "AUTO-INT-2625"]
[Site "http://www.queenalice.com/game.php?id=1202876"]
[Date "2013.7.27"]
[Round "2"]
[White "Warner"]
[Black "adrielfilho"]
[Result "1-0"]
[WhiteElo "1819"]
[BlackElo "1861"]

1. d4 d5 2. c4 dxc4 3. Nc3 Nf6 4. e4 Nc6 5. Nf3 e6 6. a3 a6 7. Bxc4 h5 8. b4 Bd6
9. e5 Ng4 10. exd6 cxd6 11. O-O Qc7 12. Bf4 Ne7 13. Qb3 Ng6 14. Bg5 O-O 15. Rac1
f6 16. Bxe6+ Bxe6 17. Qxe6+ Qf7 18. Qxf7+ Rxf7 19. Bd2 Re8 20. h3 Nh6 21. Bxh6
gxh6 22. Rfe1 Rc8 23. Ne4 Rxc1 24. Rxc1 Nf4 25. Rc8+ Kg7 26. Nxd6 Rd7 27. Nf5+
Kg6 28. N3h4+ Kg5 29. Rg8+ Ng6 30. g3 Rg7 31. Rxg7 a5 32. Rxg6# 1-0